Eastern Utah Libraries Catalog: Duchesne, Heber, Roosevelt, & Vernal

Hamilton : (Record no. 288717)

MARC details
000 -LEADER
fixed length control field 05379cjm a2200949Ii 4500
001 - CONTROL NUMBER
control field ocn919490894
003 - CONTROL NUMBER IDENTIFIER
control field OCoLC
005 - DATE AND TIME OF LATEST TRANSACTION
control field 20200320194903.0
007 - PHYSICAL DESCRIPTION FIXED FIELD--GENERAL INFORMATION
fixed length control field sd fsngnnmmned
008 - FIXED-LENGTH DATA ELEMENTS--GENERAL INFORMATION
fixed length control field 150828t20152015nyumcnne d n eng d
020 ## - INTERNATIONAL STANDARD BOOK NUMBER
Terms of availability 18.95
024 7# - OTHER STANDARD IDENTIFIER
Standard number or code 00075678668432
Source of number or code gtin-14
024 10 - OTHER STANDARD IDENTIFIER
Standard number or code 075678668432
028 02 - PUBLISHER NUMBER
Publisher number 551093-2
Source Atlantic Recording Corporation
033 #0 - DATE/TIME AND PLACE OF AN EVENT
Geographic classification area code 3804
Geographic classification subarea code N4
035 ## - SYSTEM CONTROL NUMBER
System control number (OCoLC)919490894
040 ## - CATALOGING SOURCE
Original cataloging agency BTCTA
Language of cataloging eng
Description conventions rda
Transcribing agency BTCTA
Modifying agency TEF
-- APL
-- RB0
-- ZMS
-- WUT
-- OCLCF
-- ERE
-- IEP
-- IDU
-- GK8
-- MYG
-- IXA
-- TXA
-- OCL
-- VP@
-- TJC
-- OCLCA
-- KYC
-- DGU
-- ZCU
-- EMU
-- WACOL
041 0# - LANGUAGE CODE
Language code of sung or spoken text eng
Language code of librettos eng
043 ## - GEOGRAPHIC AREA CODE
Geographic area code n-us---
049 ## - LOCAL HOLDINGS (OCLC)
Holding library WACL
050 #4 - LIBRARY OF CONGRESS CALL NUMBER
Classification number M1500.M57
Item number H36 2015
082 04 - DEWEY DECIMAL CLASSIFICATION NUMBER
Classification number 782.1/4
Edition number 23
092 ## - LOCALLY ASSIGNED DEWEY CALL NUMBER (OCLC)
Classification number MusicCD
Item number Mir
100 1# - MAIN ENTRY--PERSONAL NAME
Personal name Miranda, Lin-Manuel,
Dates associated with a name 1980-
Relator term composer,
-- librettist,
-- lyricist,
-- performer.
9 (RLIN) 5777878
240 10 - UNIFORM TITLE
Uniform title <a href="Hamilton">Hamilton</a>
245 10 - TITLE STATEMENT
Title Hamilton :
Remainder of title original Broadway cast recording /
Statement of responsibility, etc book, music and lyrics by Lin-Manuel Miranda.
246 1# - VARYING FORM OF TITLE
Display text Title on container :
Title proper/short title Hamilton :
Remainder of title an American musical
250 ## - EDITION STATEMENT
Edition statement [Explicit version].
264 #1 - Production, Publication, Distribution, Manufacture, and Copyright Notice.
Place of production, publication, distribution, manufacture New York, NY :
Name of producer, publisher, distributor, manufacturer Atlantic Recording Corporation,
Date of production, publication, distribution, manufacture, or copyr [2015]
264 #4 - Production, Publication, Distribution, Manufacture, and Copyright Notice.
Date of production, publication, distribution, manufacture, or copyr ℗2015.
300 ## - PHYSICAL DESCRIPTION
Extent 2 audio discs (142 min.) :
Other physical details CD audio, digital ;
Dimensions 4 3/4 in. +
Accompanying material 2 inserts.
336 ## - Content Type
Content type term performed music
337 ## - Media type
Media type term audio
338 ## - Carrier type
Carrier type term audio disc
340 ## - PHYSICAL MEDIUM
Dimensions 4 3/4 in.
344 ## -
-- digital
-- optical
-- stereo
-- rda
344 ## -
-- 1.4 m/s
347 ## -
-- audio file
-- CD audio
-- rda
500 ## - GENERAL NOTE
General note Title from disc labels.
500 ## - GENERAL NOTE
General note Musical based on the life of Alexander Hamilton.
500 ## - GENERAL NOTE
General note Composed by Lin-Manuel Miranda.
511 0# - PARTICIPANT OR PERFORMER NOTE
Participant or performer note Daveed Diggs, Renée Elise Goldsberry, Lin-Manuel Miranda, Jonathan Groff, Christopher Jackson, Jasmine Cephas Jones, Javier Muñoz, Leslie Odom, Jr., Okieriete Onaodowan, Anthony Ramos, Phillipa Soo and others ; with accompanying musicians.
508 ## - CREATION/PRODUCTION CREDITS NOTE
Creation/production credits note Alex Lacamoire, musical direction and orchestrations ; Thomas Kail, director ; Andy Blankenbuehler, choreographer.
518 ## - DATE/TIME AND PLACE OF AN EVENT NOTE
-- Recorded by Derik Lee at
-- Avatar Studios, NYC
-- and
-- Atlantic Studios, NYC.
500 ## - GENERAL NOTE
General note Lyrics and full credits on container inserts.
500 ## - GENERAL NOTE
General note Inspired by the book Alexander Hamilton by Ron Chernow.
505 00 - FORMATTED CONTENTS NOTE
Miscellaneous information Disc 1,
Title Act I.
-- Alexander Hamilton --
-- Aaron Burr, sir --
-- My shot --
-- The story of tonight --
-- The Schuyler sisters --
-- Farmer refuted --
-- You'll be back --
-- Right hand man --
-- A winter's ball --
-- Helpless --
-- Satisfied --
-- The story of tonight (reprise) --
-- Wait for it --
-- Stay alive --
-- Ten duel commandments --
-- Meet me inside --
-- That would be enough --
-- Guns and ships --
-- History has its eyes on you --
-- Yorktown (The world turned upside down) --
-- What comes next? --
-- Dear Theodosia --
-- Non-stop.
505 00 - FORMATTED CONTENTS NOTE
Miscellaneous information Disc 2,
Title Act II.
-- What'd I miss --
-- Cabinet battle #1 --
-- Take a break --
-- Say no to this --
-- The room where it happens --
-- Schuyler defeated --
-- Cabinet battle #2 --
-- Washington on your side --
-- One last time --
-- I know him --
-- The Adams administration --
-- We know --
-- Hurricane --
-- The Reynolds pamphlet --
-- Burn --
-- Blow us all away --
-- Stay alive (reprise) --
-- It's quiet uptown --
-- The election of 1800 --
-- Your obedient servant --
-- Best of wives and best of women --
-- The world was wide enough --
-- Who lives, who dies, who tells your story.
520 ## - SUMMARY, ETC.
Summary, etc Musical based on the life of Alexander Hamilton.
650 #0 - SUBJECT ADDED ENTRY--TOPICAL TERM
Topical term or geographic name as entry element Musicals.
9 (RLIN) 5906088
600 10 - SUBJECT ADDED ENTRY--PERSONAL NAME
Personal name Hamilton, Alexander,
Dates associated with a name 1757-1804
Form subdivision Drama.
9 (RLIN) 5741888
650 #0 - SUBJECT ADDED ENTRY--TOPICAL TERM
Topical term or geographic name as entry element Statesmen
Geographic subdivision United States
Form subdivision Drama.
9 (RLIN) 5906089
650 #0 - SUBJECT ADDED ENTRY--TOPICAL TERM
Topical term or geographic name as entry element Founding Fathers of the United States
Form subdivision Drama.
9 (RLIN) 5906090
600 17 - SUBJECT ADDED ENTRY--PERSONAL NAME
Personal name Hamilton, Alexander,
Dates associated with a name 1757-1804.
Source of heading or term fast
-- (OCoLC)fst00031768
9 (RLIN) 6614
650 #7 - SUBJECT ADDED ENTRY--TOPICAL TERM
Topical term or geographic name as entry element Founding Fathers of the United States.
Source of heading or term fast
-- (OCoLC)fst01739942
9 (RLIN) 5906091
650 #7 - SUBJECT ADDED ENTRY--TOPICAL TERM
Topical term or geographic name as entry element Musicals.
Source of heading or term fast
-- (OCoLC)fst01030814
9 (RLIN) 5906088
650 #7 - SUBJECT ADDED ENTRY--TOPICAL TERM
Topical term or geographic name as entry element Statesmen.
Source of heading or term fast
-- (OCoLC)fst01131990
9 (RLIN) 5906092
651 #7 - SUBJECT ADDED ENTRY--GEOGRAPHIC NAME
Geographic name United States.
Source of heading or term fast
-- (OCoLC)fst01204155
9 (RLIN) 5906093
655 #7 - INDEX TERM--GENRE/FORM
Genre/form data or focus term Original cast recordings.
Source of term lcgft
9 (RLIN) 5906094
655 #7 - INDEX TERM--GENRE/FORM
Genre/form data or focus term Musicals.
Source of term lcgft
9 (RLIN) 5739183
655 #7 - INDEX TERM--GENRE/FORM
Genre/form data or focus term Drama.
Source of term fast
-- (OCoLC)fst01423879
9 (RLIN) 5673873
655 #7 - INDEX TERM--GENRE/FORM
Genre/form data or focus term Musicals.
Source of term fast
-- (OCoLC)fst01726680
9 (RLIN) 5739183
655 #7 - INDEX TERM--GENRE/FORM
Genre/form data or focus term Original cast recordings.
Source of term fast
-- (OCoLC)fst01919889
9 (RLIN) 5906094
700 1# - ADDED ENTRY--PERSONAL NAME
Personal name Diggs, Daveed,
Relator term performer.
9 (RLIN) 5906095
700 1# - ADDED ENTRY--PERSONAL NAME
Personal name Goldberry, Renee Elise,
Relator term performer.
9 (RLIN) 5906096
700 1# - ADDED ENTRY--PERSONAL NAME
Personal name Groff, Jonathan,
Relator term performer.
9 (RLIN) 5756304
700 1# - ADDED ENTRY--PERSONAL NAME
Personal name Jackson, Christopher
Titles and other words associated with a name (Vocalist),
Relator term performer.
9 (RLIN) 5906097
700 1# - ADDED ENTRY--PERSONAL NAME
Personal name Jones, Jasmine Cephas,
Relator term performer.
9 (RLIN) 5756345
700 1# - ADDED ENTRY--PERSONAL NAME
Personal name Muñoz, Javier
Titles and other words associated with a name (Actor),
Relator term performer.
9 (RLIN) 5906098
700 1# - ADDED ENTRY--PERSONAL NAME
Personal name Odom, Leslie,
Titles and other words associated with a name Jr.,
Dates associated with a name 1981-
Relator term performer.
9 (RLIN) 5811964
700 1# - ADDED ENTRY--PERSONAL NAME
Personal name Onaodowan, Okieriete,
Relator term performer.
9 (RLIN) 5906099
700 1# - ADDED ENTRY--PERSONAL NAME
Personal name Ramos, Anthony,
Relator term performer.
9 (RLIN) 5906100
700 1# - ADDED ENTRY--PERSONAL NAME
Personal name Soo, Phillipa,
Relator term performer.
9 (RLIN) 5906101
700 1# - ADDED ENTRY--PERSONAL NAME
Personal name Lacamoire, Alex,
Relator term conductor.
9 (RLIN) 5906102
700 1# - ADDED ENTRY--PERSONAL NAME
Personal name Kail, Thomas,
Dates associated with a name 1978-
Relator term director.
9 (RLIN) 5906103
700 1# - ADDED ENTRY--PERSONAL NAME
-- Inspired by:
Personal name Chernow, Ron.
Title of a work Alexander Hamilton.
9 (RLIN) 5906104
938 ## -
-- Baker and Taylor
-- BTCP
-- BECDATLR551093
942 ## - ADDED ENTRY ELEMENTS (KOHA)
Koha item type CD
948 ## - LOCAL PROCESSING INFORMATION (OCLC); SERIES PART DESIGNATOR (RLIN)
Series part designator, SPT (RLIN) 02/03/2016
z (OCLC) Sirsi
994 ## -
-- C0
-- WACOL
996 ## -
-- 128212
-- 34301001505959
-- MUSICCD
-- CD
-- wcl
-- i
-- 18
-- 18.95
-- .CIRCNOTE. 2 discs
-- amazon
-- Mir
-- 02/03/2016
-- 09/23/2019
-- 08/30/2019
Holdings
Withdrawn status Lost status Source of classification or shelving scheme Materials specified (bound volume or other part) Damaged status Not for loan Collection code Home library Current library Shelving location Date acquired Source of acquisition Cost, normal purchase price Total Checkouts Total Renewals Full call number Barcode Date last seen Date checked out Cost, replacement price Price effective from Koha item type
    Dewey Decimal Classification .CIRCNOTE. 2 discs     Music Wasatch County Library Wasatch County Library Second Floor 02/03/2016 Amazon 18.95 22 6 Music CD Miranda 34301001505959 05/15/2025 03/27/2025 18.95 03/20/2020 Music CD
This project was made possible through a grant from the Institute of Museum and Library Service administered by the Utah State Library Division.

Wasatch County Library

  • 465 East 1200 South, Heber City, Utah 84032
  • Phone 435-654-1511 | Fax 435-654-6456

Hours

  • Monday - Friday 9:30 AM - 8:00 PM
  • Saturday 9:30 AM - 1:30 PM
  • Closed Sundays and Holidays